A munkaképes korú férfiak és nők közti fizetésbeli különbségek és hatásuk hazánkban

Bibliográfiai részletek
Szerző: Horváth Krisztina
További közreműködők: Krajcsák Dr. Zoltán
Dokumentumtípus: Diplomadolgozat
Kulcsszavak:bérszakadék
üvegplafon
karrier
Online Access:http://dolgozattar.uni-bge.hu/9700

MARC

LEADER 00000nta a2200000 i 4500
001 dolg9700
005 20161219191542.0
008 161219suuuu hu om 000 hun d
040 |a BGE Dolgozattár Repozitórium  |b hun 
041 |a hu 
100 1 |a Horváth Krisztina 
245 1 2 |a A munkaképes korú férfiak és nők közti fizetésbeli különbségek és hatásuk hazánkban  |c Horváth Krisztina  |h [elektronikus dokumentum] 
695 |a bérszakadék 
695 |a üvegplafon 
695 |a karrier 
700 1 |a Krajcsák Dr. Zoltán  |e ths 
856 4 0 |u http://dolgozattar.uni-bge.hu/9700/1/Horv%C3%A1th%20Krisztina-szakdolgozat.pdf  |z Dokumentum-elérés 
856 4 0 |u http://dolgozattar.uni-bge.hu/9700/2/titkos%C3%ADt%C3%A1si%20k%C3%A9relem0001.pdf  |z Dokumentum-elérés